Pokémon - Les attaques de Morpeko - Statistiques

Statistiques générales
  • Ce quiz a été pris 16 fois
  • Le résultat moyen est 8 sur 14
Statistiques - réponses
Niveaux Types Noms des coups % Correct
Départ Électrique Éclair
89%
Niveau 30 Électrique Étincelle
89%
Niveau 50 Ténèbres Mâchouille
78%
Niveau 25 Ténèbres Morsure
78%
Niveau 55 Électrique Roue Libre
78%
Départ Normal Mimi-Queue
67%
Niveau 5 Normal Groz'Yeux
56%
Niveau 20 Ténèbres Flatterie
44%
Niveau 40 Psy Hâte
44%
Niveau 15 Normal Vive-Attaque
44%
Niveau 10 Ténèbres Arrogance
33%
Niveau 45 Plante Balle Graine
33%
Niveau 35 Ténèbres Tourmente
33%
Niveau 60 Normal Mania
11%
Aucun quiz correspondant
Distribution des résultats
% des personnes avec chaque résultat
Percentile par nombre de réponses
Votre historique - résultats
Vous n’avez pas pris ce quiz